000 00641cam a2200229 a 4500
001 4206388
003 OSt
005 20150911150637.0
008 810901s1982 ilua b 001 0 eng
010 _a 81014453
020 _a0673152774 :
_c$19.95
040 _aSEKU
050 0 0 _aHB 172
_b.K68
082 0 0 _a338.5
_219
100 1 _aKohler, Heinz,
_d1934-
245 1 0 _aIntermediate microeconomics :
_btheory and applications
_cHeinz Kohler.
260 _aGlenview, Ill. :
_bScott, Foresman,
_cc1982.
300 _axii, 628 p. :
_bill. ;
_c24 cm.
504 _aIncludes bibliographies
650 0 _aMicroeconomics.
942 _2lcc
_cGEN
999 _c8838
_d8838